000
00291 a2200121 4500
005
20250623173600.0
082
_a
658.8 SAL
100
_a
SALEEMI, N. A.
245
_a
Marketing Simplified.
260
_a
Nairobi,
_b
Saleemi LTD,
_c
2007.
300
_a
487p.: ill.; figure
_c
21cm
942
_2
ddc
_c
BKS
999
_c
2706
_d
2706